A student's guide to the Navier-Stokes equations / (Record no. 171782)

MARC details
000 -LEADER
fixed length control field 00906cam a22002538i 4500
001 - CONTROL NUMBER
control field 22900028
003 - CONTROL NUMBER IDENTIFIER
control field OSt
005 - DATE AND TIME OF LATEST TRANSACTION
control field 20250521163212.0
008 - FIXED-LENGTH DATA ELEMENTS--GENERAL INFORMATION
fixed length control field 221213s2023 enk b 001 0 eng
020 ## - INTERNATIONAL STANDARD BOOK NUMBER
International Standard Book Number 9781009236164
Qualifying information (paperback)
040 ## - CATALOGING SOURCE
Original cataloging agency DLC
Language of cataloging eng
Description conventions rda
Transcribing agency NUST
Modifying agency NUST
050 00 - LIBRARY OF CONGRESS CALL NUMBER
Classification number QA374 GAR
100 1# - MAIN ENTRY--PERSONAL NAME
Personal name Garvin, Justin W.
Dates associated with a name 1978-
Relator term Author.
245 12 - TITLE STATEMENT
Title A student's guide to the Navier-Stokes equations /
Statement of responsibility, etc. Justin W. Garvin, University of Iowa.
260 ## - PUBLICATION, DISTRIBUTION, ETC.
Place of publication, distribution, etc. United Kingdom,
Name of publisher, distributor, etc. Cambridge University Press,
Date of publication, distribution, etc. 2023.
300 ## - PHYSICAL DESCRIPTION
Extent xi,221 pages.:
Other physical details illustrations;
Dimensions 24 cm.
336 ## - CONTENT TYPE
Content type term text
Content type code txt
Source rdacontent
337 ## - MEDIA TYPE
Media type term unmediated
Media type code n
Source rdamedia
338 ## - CARRIER TYPE
Carrier type term volume
Carrier type code nc
Source rdacarrier
504 ## - BIBLIOGRAPHY, ETC. NOTE
Bibliography, etc. note Includes bibliographical references and index.
650 #0 - SUBJECT ADDED ENTRY--TOPICAL TERM
Topical term or geographic name entry element Navier-Stokes equations
Form subdivision Textbooks.
650 #0 - SUBJECT ADDED ENTRY--TOPICAL TERM
Topical term or geographic name entry element Fluid mechanics
Form subdivision Textbooks.
942 ## - ADDED ENTRY ELEMENTS (KOHA)
Source of classification or shelving scheme Library of Congress Classification
Suppress in OPAC No
Koha item type Ordinary Loan Books
Classification part QA374.GAR
Call number prefix QA
Call number suffix GAR
Holdings
Withdrawn status Lost status Source of classification or shelving scheme Damaged status Not for loan Collection Home library Current library Shelving location Date acquired Source of acquisition Cost, normal purchase price Total Checkouts Full call number Barcode Date last seen Accession number Cost, replacement price Price effective from Koha item type Public note
    LCC     NFIC MAIN MAIN GEN 05/16/2025 Book Aid International 25.00   QA374.GAR 92004054514 05/16/2025 61852 35.00 05/15/2025 BOOKS Donation